Analýza východísk plnenia Agendy 2030 v oblasti zdravia a kvality života v krajoch Slovenska podľa zisťovania EU SILC 2016 diplomová práca

Salvato in:
Dettagli Bibliografici
Autore principale: Konyevaliková, Sandra
Ente Autore: Fakulta hospodárskej informatiky EU. Katedra štatistiky
Altri autori: Sipková, Ľubica, 1962-
Natura: Libro
Lingua:slovacco
Pubblicazione: Bratislava 2019
Tags: Aggiungi Tag
Nessun Tag, puoi essere il primo ad aggiungerne!!

MARC

LEADER 00000nbm a2200000 4500
001 0254248
005 20191205140149.7
041 0 |a slo 
044 |a SK 
245 1 0 |a Analýza východísk plnenia Agendy 2030 v oblasti zdravia a kvality života v krajoch Slovenska podľa zisťovania EU SILC 2016  |b diplomová práca  |c Sandra Konyevaliková ; školiteľ: Ľubica Sipková 
264 1 |a Bratislava  |c 2019 
300 |a 75 s. 
100 1 |a Konyevaliková, Sandra 
700 1 |a Sipková, Ľubica, 1962- 
710 2 |a Fakulta hospodárskej informatiky EU. Katedra štatistiky